Biological anthropology : an introductory reader /
محفوظ في:
مؤلفون آخرون:
التنسيق: كتاب
اللغة: English
منشور في:
Boston, Mass. :
McGraw-Hill,
c2002.
الطبعة: 3rd ed.
الموضوعات:
الوسوم: إضافة وسم
لا توجد وسوم, كن أول من يضع وسما على هذه التسجيلة!
رقم الطلب: GN60 .P35 2002
| LEADER | 00757namaa2200253 4500 | ||
|---|---|---|---|
| 001 | 24709 | ||
| 003 | OSt | ||
| 005 | 20250807070604.0 | ||
| 008 | 130303s2002 maua g b 001 0 eng d | ||
| 010 | |a 2001057921 | ||
| 020 | |a 0767429575 | ||
| 040 | |c ARCE Library | ||
| 050 | 4 | |a GN60 .P35 2002 | |
| 245 | 0 | 0 | |a Biological anthropology : |b an introductory reader / |c [compiled by] Michael Alan Park. |
| 250 | |a 3rd ed. | ||
| 264 | 1 | |a Boston, Mass. : |b McGraw-Hill, |c c2002. | |
| 300 | |a xvi, 250 pages : |b illustrations ; |c 28 cm. | ||
| 504 | |a Includes bibliographical references and index. | ||
| 650 | 0 | |a Physical anthropology. | |
| 650 | 0 | |a Anthropology, Physical. | |
| 700 | 1 | |a Park, Michael Alan. | |
| 901 | |a reviewed | ||
| 942 | |c BK |2 lcc | ||
| 999 | |c 23031 |d 23031 | ||
